[Event "Wch U10 Girls"]
[Site "Batumi"]
[Date "2022.09.26"]
[Round "10"]
[White "Tong, Thai Hoang An"]
[Black "Wadhwa, Ananya"]
[Result "1-0"]
[WhiteElo "1238"]
[BlackElo "1411"]
[PlyCount "95"]
[EventDate "2022.09.16"]
[EventType "swiss"]
[EventRounds "11"]
[EventCountry "GEO"]
[SourceTitle "EXT 2023"]
[Source "ChessBase"]
[SourceDate "2022.10.05"]
[SourceVersion "1"]
[SourceVersionDate "2022.10.05"]
[SourceQuality "1"]

1. e4 c5 2. Nf3 d6 3. d4 cxd4 4. Nxd4 Nf6 5. Nc3 g6 6. Be3 Bg7 7. f3 0-0 8. Qd2 Nc6 9. 0-0-0 d5 10. exd5 Nxd5 11. Nxc6 bxc6 12. Nxd5 cxd5 13. Qxd5 Qc7 14. Qc5 Qb7 15. b3 Bf5 16. Bd3 Rfc8 17. Qa5 Bxd3 18. Rxd3 Qc6 19. c4 Qf6 20. Bd4 e5 21. Bb2 Qg5+ 22. Qd2 Qxd2+ 23. Kxd2 e4 24. Bxg7 exd3 25. Bd4 Rc7 26. Kxd3 Rd8 27. Kc3 Rcd7 28. Rd1 f5 29. c5 Kf7 30. Kc4 Ke6 31. b4 Rc7 32. b5 h6 33. a4 g5 34. a5 h5 35. Re1+ Kf7 36. Re5 Kg6 37. Re6+ Kh7 38. b6 Rcc8 39. b7 Rc7 40. a6 Rcd7 41. Rd6 Rxd6 42. cxd6 g4 43. Bxa7 gxf3 44. gxf3 Kg7 45. b8Q Rxb8 46. Bxb8 Kf6 47. a7 Ke6 48. a8Q 1-0

[Event "Wch U10 Girls"]
[Site "Batumi"]
[Date "2022.09.25"]
[Round "9"]
[White "Wadhwa, Ananya"]
[Black "Hanya, Shah"]
[Result "0-1"]
[WhiteElo "1411"]
[BlackElo "1336"]
[PlyCount "66"]
[EventDate "2022.09.16"]
[EventType "swiss"]
[EventRounds "11"]
[EventCountry "GEO"]
[SourceTitle "EXT 2023"]
[Source "ChessBase"]
[SourceDate "2022.10.05"]
[SourceVersion "1"]
[SourceVersionDate "2022.10.05"]
[SourceQuality "1"]

1. d4 Nf6 2. c4 e6 3. g3 Bb4+ 4. Nd2 0-0 5. Bg2 Nc6 6. Ngf3 d6 7. 0-0 Bxd2 8. Bxd2 e5 9. dxe5 dxe5 10. Bc3 Qe7 11. Qc2 h6 12. a3 Re8 13. b4 e4 14. Nd4 Nxd4 15. Bxd4 Bf5 16. Rfd1 Nh7 17. Qb2 f6 18. Qd2 b6 19. Qf4 Bg6 20. Qg4 Qf7 21. Rd2 f5 22. Qf4 Qxc4 23. Rad1 Rad8 24. e3 Ng5 25. Bf1 Qc6 26. Kh1 Nf3 27. Rb2 Nxd4 28. exd4 e3+ 29. Bg2 Qc3 30. Rbb1 e2 31. Re1 Rxd4 32. Qc1 Qd3 33. Bc6 Rc4 0-1

[Event "Wch U10 Girls"]
[Site "Batumi"]
[Date "2022.09.18"]
[Round "3"]
[White "Berikkyzy, Aiaru"]
[Black "Wadhwa, Ananya"]
[Result "0-1"]
[WhiteElo "1152"]
[BlackElo "1411"]
[PlyCount "94"]
[EventDate "2022.09.16"]
[EventType "swiss"]
[EventRounds "11"]
[EventCountry "GEO"]
[SourceTitle "EXT 2023"]
[Source "ChessBase"]
[SourceDate "2022.10.05"]
[SourceVersion "1"]
[SourceVersionDate "2022.10.05"]
[SourceQuality "1"]

1. e4 c5 2. Nf3 d6 3. d4 cxd4 4. Nxd4 Nf6 5. Nc3 g6 6. Be3 Bg7 7. f3 0-0 8. Bc4 Nc6 9. Qd2 Nxd4 10. Bxd4 Be6 11. Bxe6 fxe6 12. h4 h5 13. 0-0-0 Rc8 14. Rdg1 Kf7 15. g4 Qa5 16. Qg2 Nd7 17. gxh5 Qxh5 18. Bxg7 Kxg7 19. Rh3 Ne5 20. Rg3 Rxf3 21. Rg5 Qh6 22. Kb1 Rcf8 23. Rh1 Rf2 24. Qg1 Rf1+ 25. Qxf1 Rxf1+ 26. Rxf1 Qxh4 27. Rgg1 Nc4 28. Rd1 Qf2 29. a3 Qb6 30. b3 Nxa3+ 31. Kb2 Nc4+ 32. Ka1 Qa5+ 33. Na2 Ne3 34. Rc1 Qe5+ 35. Kb1 Qxe4 36. Nc3 Qe5 37. Na2 Nd5 38. Rce1 Qd4 39. Rd1 Qc5 40. Rge1 Ne3 41. Rc1 g5 42. Kb2 g4 43. Nc3 Qd4 44. Rg1 Nd5 45. Rg3 Nxc3 46. Rxc3 b5 47. b4 a5 0-1